[Event "4NCL/Div1/GUI1 vs. BRI1"]
[Site "West Bromwich ENG"]
[Date "2004.11.21"]
[Round "4.2"]
[White "Sherwin, James T"]
[Black "Rowson, Jonathan"]
[Result "0-1"]
[WhiteElo "2302"]
[BlackElo "2577"]
[PlyCount "136"]
[EventDate "2004.11.21"]
[SourceDate "2004.09.21"]

1. Nf3 d5 2. d4 Nf6 3. c4 c6 4. Nc3 a6 5. e3 b5 6. c5 Bg4 7. Qb3 Nbd7 8. Be2
Rb8 9. h3 Bxf3 10. Bxf3 e5 11. O-O Be7 12. Bd2 O-O 13. Rae1 Re8 14. Bd1 a5 15.
Qc2 Qc7 16. b3 Bf8 17. Qd3 g6 18. f4 b4 19. Ne2 exf4 20. Nxf4 Ne4 21. Bf3 Ndf6
22. Qc2 Re7 23. Bc1 Rbe8 24. Nd3 Bh6 25. Ne5 Ng3 26. Rf2 Nd7 27. Nxd7 Qxd7 28.
Qd3 Qc7 29. Bd1 Ne4 30. Rff1 Qg3 31. Qa6 Qc7 32. Qd3 Nc3 33. Rf3 f5 34. g3 Re6
35. Bd2 Ne4 36. Kg2 Bg5 37. Bc1 Bd8 38. Bc2 Qe7 39. h4 Bc7 40. Ref1 Qd8 41. Rh1
Qb8 42. Rh3 R8e7 43. Qf1 Nf6 44. Qd3 Qe8 45. Rh1 Re4 46. Bd2 Rg4 47. Rh3 Nh5
48. Qf1 Qb8 49. Qf2 Qb5 50. Kh1 Kg7 51. Be1 Nf6 52. Qd2 Ne4 53. Qd1 Qb8 54. Kg2
Nf6 55. Kh2 Rge4 56. Bxe4 dxe4 57. Rf4 Qb5 58. Kg2 Nd5 59. Bf2 Nc3 60. Qc2 Qd3
61. Qb2 Rf7 62. Rh1 h6 63. Bg1 Nd1 64. Qc1 Bxf4 65. gxf4 Qe2+ 66. Kg3 Qg4+ 67.
Kh2 Qxh4+ 68. Kg2 Qg4+ 0-1

[Event "4NCL/Div1/GUI1 vs. BRI1"]
[Site "West Bromwich ENG"]
[Date "2004.11.21"]
[Round "4.4"]
[White "Beaumont, Chris"]
[Black "Gallagher, Joseph G"]
[Result "0-1"]
[WhiteElo "2329"]
[BlackElo "2543"]
[PlyCount "50"]
[EventDate "2004.11.21"]
[SourceDate "2004.09.21"]

1. Nf3 Nf6 2. c4 g6 3. Nc3 Bg7 4. e4 d6 5. d4 O-O 6. Be2 e5 7. O-O Na6 8. Be3
Ng4 9. Bg5 Qe8 10. dxe5 dxe5 11. Nd2 f6 12. Bh4 Nh6 13. a3 Nc5 14. b4 Ne6 15.
Nb3 c6 16. Ra2 Nd4 17. Rd2 f5 18. f3 fxe4 19. fxe4 Rxf1+ 20. Bxf1 Ng4 21. h3
Ne3 22. Qe1 Nxf1 23. Qxf1 Bxh3 24. Nc5 Bc8 25. Ne2 a5 0-1

[Event "4NCL/Div1/GUI1 vs. BRI1"]
[Site "West Bromwich ENG"]
[Date "2004.11.21"]
[Round "4.5"]
[White "Plaskett, James"]
[Black "Buckley, Simon T"]
[Result "1/2-1/2"]
[WhiteElo "2490"]
[BlackElo "2332"]
[PlyCount "68"]
[EventDate "2004.11.21"]
[SourceDate "2004.09.21"]

1. e4 e6 2. d4 d5 3. Nd2 Nf6 4. Bd3 c5 5. c3 cxd4 6. cxd4 dxe4 7. Nxe4 Nc6 8.
Nf3 Nb4 9. Bb1 Bd7 10. Ne5 Be7 11. Ng5 O-O 12. a3 Nbd5 13. Qd3 g6 14. h4 Qa5+
15. Bd2 Bb4 16. axb4 Qxa1 17. O-O Qxb2 18. h5 Bb5 19. Qxb5 Qxd2 20. Nexf7 Qxb4
21. Qxb4 Nxb4 22. hxg6 hxg6 23. Ne5 Nh7 24. Nxe6 Rf6 25. Bxg6 Nc6 26. f4 Nxe5
27. Bxh7+ Kxh7 28. Ng5+ Kg6 29. dxe5 Rxf4 30. Rxf4 Kxg5 31. Rf7 Rb8 32. e6 a5
33. Rd7 Kf6 34. e7 Re8 1/2-1/2

[Event "4NCL/Div1/GUI1 vs. BRI1"]
[Site "West Bromwich ENG"]
[Date "2004.11.21"]
[Round "4.6"]
[White "Buckley, David E"]
[Black "Cherniaev, Alexander"]
[Result "0-1"]
[WhiteElo "2223"]
[BlackElo "2509"]
[PlyCount "54"]
[EventDate "2004.11.21"]
[SourceDate "2004.09.21"]

1. d4 d6 2. e4 g6 3. Nf3 Bg7 4. Bc4 a6 5. O-O e6 6. Nc3 Nd7 7. Be3 h6 8. Nd2
Ne7 9. f4 b5 10. Bb3 c5 11. dxc5 dxc5 12. f5 gxf5 13. exf5 Nxf5 14. Rxf5 exf5
15. Bd5 Rb8 16. Qh5 O-O 17. Bxh6 Bxh6 18. Qxh6 Qf6 19. Qf4 Qd4+ 20. Qxd4 cxd4
21. Ne2 Nb6 22. Bb3 Nc4 23. Nxc4 bxc4 24. Bxc4 Rxb2 25. Bb3 d3 26. Nc3 dxc2 27.
Rc1 Be6 0-1

[Event "4NCL/Div1/GUI1 vs. BRI1"]
[Site "West Bromwich ENG"]
[Date "2004.11.21"]
[Round "4.7"]
[White "Povah, Nigel E"]
[Black "Sisask, Jesper"]
[Result "1-0"]
[WhiteElo "2377"]
[BlackElo "2166"]
[PlyCount "75"]
[EventDate "2004.11.21"]
[SourceDate "2004.09.21"]

1. d4 Nf6 2. Bg5 e6 3. e4 h6 4. Bxf6 Qxf6 5. Nc3 Bb4 6. Qd2 c5 7. a3 Bxc3 8.
bxc3 d6 9. f4 e5 10. Bb5+ Bd7 11. Rb1 Bc6 12. Ne2 Qh4+ 13. g3 Qe7 14. fxe5 dxe5
15. d5 Bxb5 16. Rxb5 b6 17. O-O O-O 18. c4 Qd7 19. Qd3 Na6 20. Nc3 Nc7 21. Rb3
Ne8 22. a4 Nd6 23. Nb5 Nb7 24. Qe2 Rab8 25. Rfb1 Na5 26. Rf3 Ra8 27. Kg2 a6 28.
Nc3 Qc7 29. Nd1 Qd7 30. Rxb6 Qxa4 31. Ne3 Rfb8 32. Rxh6 gxh6 33. Rf6 Kf8 34.
Qh5 Qd7 35. Nf5 Ke8 36. Qxh6 Kd8 37. Rd6 Nb7 38. Qf8+ 1-0

[Event "4NCL/Div1/GUI1 vs. BRI1"]
[Site "West Bromwich ENG"]
[Date "2004.11.21"]
[Round "4.8"]
[White "Ashby, Ann-Marie"]
[Black "Lalic, Susan"]
[Result "1-0"]
[WhiteElo "2105"]
[BlackElo "2364"]
[PlyCount "111"]
[EventDate "2004.11.21"]
[SourceDate "2004.09.21"]

1. e4 e6 2. Nf3 d5 3. e5 c5 4. b4 cxb4 5. a3 Nc6 6. axb4 Bxb4 7. c3 Be7 8. d4
Nh6 9. Bd3 Nf5 10. g4 Nh4 11. Nxh4 Bxh4 12. O-O Bd7 13. f4 Be7 14. Qe2 g6 15.
Na3 a6 16. Nc2 Na5 17. Rb1 Rc8 18. f5 Rxc3 19. fxg6 hxg6 20. Qf3 O-O 21. Bh6
Bg5 22. Bxf8 Qxf8 23. Qe2 Qh6 24. Rf3 Rc7 25. Rbf1 Be8 26. Qg2 Nc4 27. Rh3 Qg7
28. Rf2 Nb2 29. Bf1 b5 30. Ra3 Na4 31. Qg3 Bc1 32. Ra2 Qh6 33. Rf3 Qd2 34. Qf2
Qxf2+ 35. Rxf2 Rc3 36. Kg2 Rc6 37. Nb4 Rc8 38. Rac2 Rxc2 39. Rxc2 Bb2 40. Rc8
Kf8 41. Nxa6 Nb6 42. Rb8 Nd7 {(=)} 43. Rb7 Bxd4 44. Bxb5 Nxe5 45. Rb8 Nxg4 46.
Rxe8+ Kg7 47. Nb4 Ne3+ 48. Kf3 Nf5 49. Ba6 Nd6 50. Rd8 Ne4 51. Nd3 Kf6 52. Bb5
Kf5 53. Be8 f6 54. h4 Nd2+ 55. Ke2 Nc4 56. Bf7 1-0

[Event "4NCL/Div1/BRI1 vs. 3CS1"]
[Site "Nottingham ENG"]
[Date "2005.01.22"]
[Round "5.1"]
[White "Cobb, Charles"]
[Black "Davies, Nigel R"]
[Result "1/2-1/2"]
[WhiteElo "2405"]
[BlackElo "2523"]
[PlyCount "42"]
[EventDate "2005.01.22"]
[SourceDate "2004.09.21"]

1. Nf3 Nf6 2. c4 e6 3. Nc3 Bb4 4. Qc2 O-O 5. a3 Bxc3 6. Qxc3 b6 7. b4 a5 8. Bb2
axb4 9. axb4 Rxa1+ 10. Bxa1 c5 11. bxc5 bxc5 12. e3 Nc6 13. Be2 d6 14. O-O e5
15. d4 cxd4 16. exd4 Bg4 17. dxe5 dxe5 18. h3 Nd4 19. Qe3 Bxf3 20. Bxf3 Nxf3+
21. Qxf3 Qc7 1/2-1/2

[Event "4NCL/Div1/BRI1 vs. 3CS1"]
[Site "Nottingham ENG"]
[Date "2005.01.22"]
[Round "5.2"]
[White "Gordon, Stephen J"]
[Black "Skytte, Rasmus"]
[Result "1/2-1/2"]
[WhiteElo "2364"]
[BlackElo "2392"]
[PlyCount "52"]
[EventDate "2005.01.22"]
[SourceDate "2004.09.21"]

1. d4 d5 2. c4 dxc4 3. e4 Nf6 4. e5 Nd5 5. Bxc4 Nc6 6. Nf3 Bg4 7. Nc3 e6 8.
Nxd5 exd5 9. Be2 Bb4+ 10. Bd2 Bxd2+ 11. Qxd2 O-O 12. O-O Qe7 13. Rac1 Rad8 14.
b4 Nxb4 15. Rb1 c5 16. dxc5 Nc6 17. Rfe1 Rd7 18. h3 Bxf3 19. Bxf3 Qxc5 20. Bg4
Re7 21. Rec1 Qd4 22. Qxd4 Nxd4 23. Rd1 Nc6 24. f4 Rd8 25. Bf3 Red7 26. Rbc1 Kf8
1/2-1/2

[Event "4NCL/Div1/BRI1 vs. 3CS1"]
[Site "Nottingham ENG"]
[Date "2005.01.22"]
[Round "5.3"]
[White "Buckley, Simon T"]
[Black "Ashton, Adam G"]
[Result "1-0"]
[WhiteElo "2332"]
[BlackElo "2299"]
[PlyCount "61"]
[EventDate "2005.01.22"]
[SourceDate "2004.09.21"]

1. d4 d5 2. c4 e6 3. Nc3 Nf6 4. cxd5 exd5 5. Bg5 Nbd7 6. e3 Be7 7. Qc2 O-O 8.
Bd3 c6 9. Nge2 Re8 10. h3 Nf8 11. g4 b5 12. Ng3 a5 13. Nf5 Bxf5 14. Bxf5 Ne4
15. Nxe4 dxe4 16. Bf4 Bb4+ 17. Kf1 Ne6 18. Bg3 Ng5 19. Qxc6 g6 20. Bc7 Qe7 21.
Bd7 Rac8 22. a3 Rxc7 23. Qxc7 Bd6 24. Qb7 Rb8 25. Qd5 Qf6 26. h4 Qf3 27. Kg1
Bg3 28. Rf1 Ne6 29. Bxe6 fxe6 30. Qxe6+ Kh8 31. Rh3 1-0

[Event "4NCL/Div1/BRI1 vs. 3CS1"]
[Site "Nottingham ENG"]
[Date "2005.01.22"]
[Round "5.4"]
[White "Bentley, John L"]
[Black "Beaumont, Chris"]
[Result "1-0"]
[WhiteElo "2216"]
[BlackElo "2329"]
[PlyCount "64"]
[EventDate "2005.01.22"]
[SourceDate "2004.09.21"]

1. e4 g6 2. d4 d6 3. c4 Bg7 4. Nc3 Nf6 5. f3 O-O 6. Be3 Nbd7 7. Nh3 a6 8. Nf2
c5 9. d5 Ne5 10. Be2 b5 11. cxb5 axb5 12. Nxb5 Ba6 13. O-O Ne8 14. f4 Nd7 15.
Qd2 Nc7 16. Nc3 Nb6 17. Bxa6 Rxa6 18. b3 Ra3 19. Rac1 Qa8 20. Rfd1 Qa5 21. Nb1
Nd7 22. b4 Qa4 23. Nxa3 Qxa3 24. bxc5 Nxc5 25. Bxc5 dxc5 26. Qc2 Na6 27. e5 f6
28. Rd3 Qb4 29. d6 Qxf4 30. dxe7 Re8 31. Rf3 Qd4 32. Rd1 Qxe5 1-0

[Event "4NCL/Div1/BRI1 vs. 3CS1"]
[Site "Nottingham ENG"]
[Date "2005.01.22"]
[Round "5.5"]
[White "Rudd, Jack"]
[Black "James, Dale R"]
[Result "1-0"]
[WhiteElo "2291"]
[BlackElo "2199"]
[PlyCount "55"]
[EventDate "2005.01.22"]
[SourceDate "2004.09.21"]

1. e4 Nf6 2. Nc3 d6 3. f4 g6 4. Nf3 Bg7 5. d4 a6 6. Bd3 c5 7. dxc5 dxc5 8. e5
Ng4 9. Qe2 Nh6 10. Be3 Qa5 11. O-O-O Nc6 12. Kb1 Nf5 13. Bd2 Ncd4 14. Nxd4 Nxd4
15. Nb5 Qxa2+ 16. Kxa2 axb5+ 17. Kb1 Nxe2 18. Bxb5+ Bd7 {(=)} 19. Bxe2 Bc6 20.
Be3 b6 21. Bf3 Bxf3 22. gxf3 Bh6 23. c4 O-O 24. Rd7 Rfe8 25. Rhd1 Kf8 26. Rb7
Rab8 27. Rdd7 Bg7 28. Rxe7 1-0

[Event "4NCL/Div1/BRI1 vs. 3CS1"]
[Site "Nottingham ENG"]
[Date "2005.01.22"]
[Round "5.6"]
[White "Walton, Alan J"]
[Black "Buckley, David E"]
[Result "0-1"]
[WhiteElo "2181"]
[BlackElo "2223"]
[PlyCount "64"]
[EventDate "2005.01.22"]
[SourceDate "2004.09.21"]

1. d4 Nf6 2. Bg5 e6 3. e4 h6 4. Bxf6 Qxf6 5. c3 d5 6. Nd2 c5 7. Ngf3 a6 8. Qb3
cxd4 9. cxd4 Nc6 10. exd5 exd5 11. Qxd5 Be6 12. Qe4 O-O-O 13. Qc2 Kb8 14. a3
Nxd4 15. Nxd4 Qxd4 16. Nf3 Qf6 17. Be2 g5 18. O-O Bg7 19. a4 g4 20. Ne1 Qxb2
21. Qxb2 Bxb2 22. Rb1 Rd2 23. Bd3 Ba2 24. f3 Bxb1 25. Bxb1 Bd4+ 26. Kh1 Rd1 27.
Bc2 Rc1 28. Bd3 Bc3 29. Nc2 Rxf1+ 30. Bxf1 Rd8 31. Ne3 gxf3 32. gxf3 Rd4 0-1

[Event "4NCL/Div1/BRI1 vs. 3CS1"]
[Site "Nottingham ENG"]
[Date "2005.01.22"]
[Round "5.7"]
[White "Sherwin, James T"]
[Black "Tompson, John C"]
[Result "0-1"]
[WhiteElo "2302"]
[BlackElo "2081"]
[PlyCount "80"]
[EventDate "2005.01.22"]
[SourceDate "2004.09.21"]

1. Nf3 c5 2. Nc3 Nc6 3. e4 g6 4. d4 cxd4 5. Nxd4 Bg7 6. Be3 Nf6 7. Nb3 O-O 8.
Be2 d6 9. O-O Be6 10. f4 Rc8 11. f5 Bd7 12. g4 Ne5 13. g5 Rxc3 14. bxc3 Nxe4
15. fxg6 hxg6 16. Bf3 Nxc3 17. Qe1 Nxf3+ 18. Rxf3 Bg4 19. Rf2 Ne2+ 20. Rxe2
Bxe2 21. Qxe2 Bxa1 22. Nxa1 Qa5 23. c4 Rc8 24. Nb3 Qb4 25. Nd2 a6 26. Bd4 Rc7
27. Qe3 Qa4 28. a3 Qd1+ 29. Kf2 Qc2 30. Kg3 b5 31. cxb5 axb5 32. Qf3 Qc6 33.
Ne4 Rc8 34. Nf6+ Kf8 35. Ne4 Qd5 36. Bb2 Rc4 37. Nf2 Qxg5+ 38. Ng4 e5 39. Qa8+
Kg7 40. h3 Qf4+ 0-1

[Event "4NCL/Div1/BRI1 vs. 3CS1"]
[Site "Nottingham ENG"]
[Date "2005.01.22"]
[Round "5.8"]
[White "Martin, Katie"]
[Black "Ashby, Ann-Marie"]
[Result "0-1"]
[WhiteElo "1960"]
[BlackElo "2079"]
[PlyCount "70"]
[EventDate "2005.01.22"]
[SourceDate "2004.09.21"]

1. e4 d5 2. exd5 Nf6 3. d4 Bg4 4. Nf3 Qxd5 5. Be2 Nc6 6. c4 Qf5 7. O-O O-O-O 8.
Be3 e5 9. d5 Nb4 10. Na3 Bxf3 11. Bxf3 a6 12. Qb3 Qd3 13. Qa4 Qf5 14. d6 e4 15.
dxc7 Kxc7 16. Be2 Nd3 17. Nc2 Bd6 18. Bxd3 exd3 19. Nd4 Bxh2+ 20. Kxh2 Ng4+ 21.
Kg1 Rxd4 22. Bxd4 Qh5 23. Be5+ Qxe5 24. g3 Re8 25. c5 Qh5 26. Kg2 Qh2+ 27. Kf3
Ne5+ 28. Ke3 Nd7+ 29. Kd2 Re2+ 30. Kc3 Rc2+ 31. Kd4 Nxc5 32. Qe8 Qh5 33. Qe5+
Qxe5+ 34. Kxe5 Rxb2 35. Kd4 Kd6 {Remaining moves unavailable but 0-1, 54.} 0-1

[Event "4NCL/Div1/WGR2 vs. GUI1"]
[Site "Nottingham ENG"]
[Date "2005.01.22"]
[Round "5.1"]
[White "Martin, Andrew D"]
[Black "Rowson, Jonathan"]
[Result "0-1"]
[WhiteElo "2433"]
[BlackElo "2572"]
[PlyCount "60"]
[EventDate "2005.01.22"]
[SourceDate "2004.09.21"]

1. d4 Nf6 2. c4 e6 3. Nf3 b6 4. g3 Bb7 5. Bg2 Be7 6. Nc3 O-O 7. Qc2 Na6 8. Bg5
c5 9. dxc5 Nxc5 10. O-O Rc8 11. Rad1 Nce4 12. Nxe4 Bxe4 13. Qa4 Qc7 14. Rd4 d5
15. cxd5 Bxd5 16. Ne1 b5 17. Qd1 Bxa2 18. b3 Rfd8 19. Nf3 h6 20. Bd2 Bc5 21.
Rh4 e5 22. Qa1 Bxb3 23. Ba5 Bb6 24. Bxb6 Qxb6 25. Nxe5 Bd5 26. Bh3 Be6 27. Bg2
a5 28. Nf3 Bd5 29. Nd4 Bxg2 30. Kxg2 g5 0-1

[Event "4NCL/Div1/WGR2 vs. GUI1"]
[Site "Nottingham ENG"]
[Date "2005.01.22"]
[Round "5.2"]
[White "Hebden, Mark L"]
[Black "Levitt, Jonathan P"]
[Result "1/2-1/2"]
[WhiteElo "2521"]
[BlackElo "2441"]
[PlyCount "81"]
[EventDate "2005.01.22"]
[SourceDate "2004.09.21"]

1. d4 f5 2. g3 Nf6 3. Bg2 g6 4. Nf3 Bg7 5. O-O O-O 6. c4 d6 7. Nc3 c6 8. Rb1 e6
9. b4 Qe7 10. Qb3 Nbd7 11. Rd1 Ne4 12. Bb2 d5 13. b5 Rd8 14. bxc6 bxc6 15. cxd5
Rb8 16. d6 Qxd6 17. Qc2 Nxc3 18. Qxc3 c5 19. Ba3 Rxb1 20. Rxb1 Qa6 21. e3 Bb7
22. Bxc5 Rc8 23. Qa3 Nxc5 24. Qxa6 Bxa6 25. dxc5 Rxc5 26. Ng5 Bc4 27. Rb8+ Bf8
{(=)} 28. Nxh7 Kxh7 29. Rxf8 Bxa2 30. Bf3 a5 31. Ra8 Bb3 32. h4 Kg7 33. g4 fxg4
34. Bxg4 Rc1+ 35. Kh2 a4 36. Ra7+ Kf6 37. e4 Ke5 38. Ra6 Ra1 39. f4+ Kxf4 40.
Bxe6 Bxe6 41. Rxe6 1/2-1/2

[Event "4NCL/Div1/WGR2 vs. GUI1"]
[Site "Nottingham ENG"]
[Date "2005.01.22"]
[Round "5.3"]
[White "Arakhamia-Grant, Ketevan"]
[Black "Gallagher, Joseph G"]
[Result "1/2-1/2"]
[WhiteElo "2454"]
[BlackElo "2532"]
[PlyCount "30"]
[EventDate "2005.01.22"]
[SourceDate "2004.09.21"]

1. e4 c5 2. Nf3 d6 3. d4 cxd4 4. Nxd4 Nf6 5. Nc3 a6 6. f4 e5 7. Nf3 Nbd7 8. a4
Be7 9. Bd3 O-O 10. O-O Nc5 11. Kh1 exf4 12. Bxf4 Bg4 13. Qd2 Re8 14. Be3 Rc8
15. Rae1 Qb6 1/2-1/2

[Event "4NCL/Div1/WGR2 vs. GUI1"]
[Site "Nottingham ENG"]
[Date "2005.01.22"]
[Round "5.4"]
[White "King, Daniel J"]
[Black "Littlewood, Paul E"]
[Result "1/2-1/2"]
[WhiteElo "2517"]
[BlackElo "2368"]
[PlyCount "41"]
[EventDate "2005.01.22"]
[SourceDate "2004.09.21"]

1. e4 e5 2. Nf3 d6 3. Bc4 Be6 4. Bxe6 fxe6 5. d4 exd4 6. Nxd4 Qd7 7. O-O e5 8.
Ne2 Nf6 9. f3 c6 10. c4 d5 11. cxd5 cxd5 12. exd5 Qxd5 13. Nbc3 Bc5+ 14. Kh1
Qxd1 15. Rxd1 Nc6 16. Bg5 O-O 17. Ng3 Rad8 18. Nce4 Rxd1+ 19. Rxd1 Nxe4 20.
Nxe4 Bd4 21. b3 1/2-1/2

[Event "4NCL/Div1/WGR2 vs. GUI1"]
[Site "Nottingham ENG"]
[Date "2005.01.22"]
[Round "5.5"]
[White "Pert, Richard G"]
[Black "Kosten, Anthony C"]
[Result "0-1"]
[WhiteElo "2417"]
[BlackElo "2527"]
[PlyCount "80"]
[EventDate "2005.01.22"]
[SourceDate "2004.09.21"]

1. d4 Nf6 2. Bg5 d5 3. Bxf6 exf6 4. e3 Bd6 5. c4 dxc4 6. Bxc4 O-O 7. Nc3 Nd7 8.
Nf3 f5 9. O-O Nf6 10. Qc2 c6 11. Rfe1 g6 12. h3 Qe7 13. Bd3 Be6 14. e4 fxe4 15.
Nxe4 Nxe4 16. Bxe4 Rfd8 17. Rad1 Qf6 18. a3 a5 19. Qc3 Bc7 20. Ne5 a4 21. Rf1
Bb3 22. Rd3 Qf4 23. Re3 Rxd4 24. Ng4 Rad8 25. Rf3 Qd2 26. Nf6+ Kh8 27. Qc5 Qa5
28. Qxa5 Bxa5 29. g4 Bd1 30. Rg3 Bc7 31. f4 Bb6 32. Kh1 Rd2 33. f5 Be2 34. Rb1
Rd1+ 35. Rxd1 Rxd1+ 36. Kg2 Bf1+ 37. Kf3 Rd2 38. g5 Rf2+ 39. Kg4 Be2+ 40. Bf3
gxf5+ 0-1

[Event "4NCL/Div1/WGR2 vs. GUI1"]
[Site "Nottingham ENG"]
[Date "2005.01.22"]
[Round "5.6"]
[White "Plaskett, James"]
[Black "Rechel, Bernd"]
[Result "1/2-1/2"]
[WhiteElo "2490"]
[BlackElo "2408"]
[PlyCount "89"]
[EventDate "2005.01.22"]
[SourceDate "2004.09.21"]

1. e4 c5 2. Nf3 d6 3. d4 cxd4 4. Nxd4 Nf6 5. Nc3 a6 6. Bg5 e6 7. f4 Be7 8. Qf3
Qc7 9. O-O-O Nbd7 10. Bd3 h6 11. Qh3 Nb6 12. f5 e5 13. Nde2 Bd7 14. Be3 Nc4 15.
Bf2 b5 16. Kb1 b4 17. Nd5 Nxd5 18. exd5 Bf6 19. Bh4 Bxh4 20. Qxh4 Ne3 21. f6 g5
22. Qxb4 Nxd1 23. Rxd1 Rb8 24. Qd2 Qb6 25. c4 Bg4 26. h3 Bxe2 27. Qxe2 a5 28.
Rd2 Kd8 29. Be4 Qg1+ 30. Rd1 Qc5 31. Bc2 Rb4 32. a3 Rb7 33. Qd3 e4 34. Qc3 Re8
35. Ba4 Re5 36. Bc6 Rc7 37. b4 axb4 38. axb4 Qf2 39. c5 Ra7 40. cxd6 Qa2+ 41.
Kc1 e3 42. Qxe5 Qc4+ 43. Kb1 Qb3+ 44. Kc1 Qc4+ 45. Kb1 1/2-1/2

[Event "4NCL/Div1/WGR2 vs. GUI1"]
[Site "Nottingham ENG"]
[Date "2005.01.22"]
[Round "5.7"]
[White "Sowray, Peter J"]
[Black "Cherniaev, Alexander"]
[Result "0-1"]
[WhiteElo "2342"]
[BlackElo "2509"]
[PlyCount "78"]
[EventDate "2005.01.22"]
[SourceDate "2004.09.21"]

1. d4 f5 2. g3 Nf6 3. Bg2 g6 4. Nf3 Bg7 5. O-O O-O 6. c4 d6 7. Nc3 Na6 8. b3 c6
9. Ba3 Qa5 10. Qc1 Kh8 11. Rb1 f4 12. gxf4 Qh5 13. e4 Bh3 14. Bxh3 Qxh3 15. Ng5
Qh4 16. f3 Nh5 17. Ne6 Nxf4 18. Nxf4 Rxf4 19. Ne2 Rf7 20. Qe3 Raf8 21. Bb2 Qh3
22. Ng3 e6 23. Ba3 Bh6 24. Qf2 c5 25. dxc5 dxc5 26. Bxc5 Nxc5 27. Qxc5 Rxf3 28.
Rxf3 Rxf3 29. Qe5+ Bg7 30. Qb8+ Rf8 31. Qd6 h5 32. e5 h4 33. Rf1 Ra8 34. Ne2
Qe3+ 35. Rf2 Bf8 36. Qxe6 Bc5 37. Qf6+ Kh7 38. Qf7+ Kh6 39. Kg2 Rf8 0-1

[Event "4NCL/Div1/WGR2 vs. GUI1"]
[Site "Nottingham ENG"]
[Date "2005.01.22"]
[Round "5.8"]
[White "Lalic, Susan"]
[Black "McDonald, Neil"]
[Result "0-1"]
[WhiteElo "2369"]
[BlackElo "2380"]
[PlyCount "170"]
[EventDate "2005.01.22"]
[SourceDate "2004.09.21"]

1. e4 e6 2. d4 d5 3. exd5 exd5 4. c4 Nf6 5. Nc3 Bb4 6. Bg5 O-O 7. Bd3 dxc4 8.
Bxc4 Nbd7 9. Nge2 Nb6 10. Bb3 Be6 11. Bxe6 fxe6 12. O-O Bxc3 13. bxc3 Qd5 14.
Bf4 Qc6 15. Qb3 Nfd5 16. Bc1 Nc4 17. a4 a6 18. a5 Qb5 19. Qa2 Nxa5 20. Rb1 Qc4
21. Qc2 Qc6 22. Qd3 Rf7 23. Rb2 Nc4 24. Rb1 Nd6 25. Ba3 Qc4 26. Qc2 Nb5 27. Bb2
Raf8 28. Rbd1 a5 29. Ra1 Nf4 30. Nxf4 Rxf4 31. Qd2 a4 32. Qd1 Ra8 33. Qd2 Re4
34. Rfe1 Rxe1+ 35. Qxe1 a3 36. Bc1 a2 37. Bd2 Kh8 38. h4 Nd6 39. h5 h6 40. Qe5
Qd5 41. Qxd5 exd5 42. Kf1 Ne4 43. Ke2 Nf6 44. Kd3 Nxh5 45. Kc2 Nf6 46. Kb3 g5
47. Rxa2 Rxa2 48. Kxa2 Kg7 49. f3 Kg6 50. g4 h5 51. gxh5+ Kxh5 52. Kb3 Kg6 53.
c4 Kf5 54. cxd5 Nxd5 55. Kc4 Nf4 56. Ba5 b6 57. Bd2 Ng6 58. Be1 Nh4 59. Bg3 c6
60. d5 cxd5+ 61. Kxd5 Nxf3 62. Kc6 Nd4+ 63. Kxb6 Ne2 64. Bd6 g4 65. Kc5 Ke4 66.
Kc4 Nf4 67. Kc3 g3 68. Kd2 g2 69. Bc5 Kf3 70. Bb6 Nd5 71. Ba7 Nf6 72. Bb6 Ng4
73. Bg1 Nf2 74. Ke1 Ne4 75. Bb6 Nf6 76. Bg1 Ng4 77. Kd2 Ne5 78. Bc5 Nc4+ 79.
Kd3 Nd6 80. Bg1 Ne4 81. Bh2 Nc5+ 82. Kd2 Kf2 83. Be5 Nb3+ 84. Kc3 g1=Q 85. Kxb3
Qg4 0-1

[Event "4NCL/Div1/NWE1 vs. GUI2"]
[Site "Nottingham ENG"]
[Date "2005.01.22"]
[Round "5.1"]
[White "Trent, Lawrence"]
[Black "Shaw, John K"]
[Result "1/2-1/2"]
[WhiteElo "2387"]
[BlackElo "2445"]
[PlyCount "108"]
[EventDate "2005.01.22"]
[SourceDate "2004.09.21"]

1. d4 d5 2. c4 c6 3. Nf3 Nf6 4. Nc3 dxc4 5. a4 Bf5 6. Ne5 Nbd7 7. Nxc4 Nb6 8.
Ne5 a5 9. f3 Nfd7 10. Nxd7 Nxd7 11. e4 Bg6 12. f4 e6 13. Bc4 Bb4 14. O-O Nb6
15. Bb3 Qd7 16. Qf3 f5 17. exf5 exf5 18. Re1+ Kf8 19. Be3 Bf7 20. d5 Nxd5 21.
Rad1 Rd8 22. Bb6 Nxb6 23. Rxd7 Rxd7 24. Bxf7 Kxf7 25. g4 Rf8 26. Qe3 Re7 27.
Qf2 Rxe1+ 28. Qxe1 fxg4 29. Qe5 Kg8 30. Qe6+ Kh8 31. Ne4 h6 32. f5 Nd5 33. Kh1
Nf6 34. Nxf6 Rxf6 35. Qd7 Kh7 36. Kg2 b6 37. Kg3 Bd6+ 38. Kxg4 Bxh2 39. Qd4 Bc7
40. Qd7 {(=)} Be5 41. b3 {(=)} Rd6 42. Qe8 Bd4 43. Kf4 Bc5 44. Kg4 Rf6 45. Qd7
Bf8 46. Qe8 Kg8 47. Qe4 Kf7 48. Qc4+ Ke8 49. Qa6 Bc5 50. Qb7 Kf8 51. Qc8+ Kf7
52. Qb7+ Kg8 53. Qc8+ Kh7 54. Qe8 Bf8 1/2-1/2

[Event "4NCL/Div1/NWE1 vs. GUI2"]
[Site "Nottingham ENG"]
[Date "2005.01.22"]
[Round "5.2"]
[White "Buckley, Graeme"]
[Black "Hanley, Craig A"]
[Result "0-1"]
[WhiteElo "2417"]
[BlackElo "2397"]
[PlyCount "140"]
[EventDate "2005.01.22"]
[SourceDate "2004.09.21"]

1. d4 Nf6 2. c4 g6 3. Nc3 Bg7 4. e4 d6 5. f4 O-O 6. Nf3 Bg4 7. Be2 Nbd7 8. O-O
c5 9. d5 a6 10. a4 Ne8 11. Ng5 Bxe2 12. Qxe2 Nc7 13. a5 Rb8 14. Na4 h6 15. Nf3
e6 16. e5 exd5 17. exd6 Ne6 18. f5 Nd4 19. Nxd4 Bxd4+ 20. Kh1 Re8 21. Qf3 g5
22. h4 Re4 23. g3 Ne5 24. Qh5 Qxd6 25. hxg5 dxc4 26. Bf4 Qc6 27. Kh2 hxg5 28.
Qxg5+ Kf8 29. Qh5 Ke7 30. f6+ Ke6 31. Rae1 Qxa4 32. Rxe4 Qc2+ 33. Qe2 Qxe2+ 34.
Rxe2 Rd8 35. Kg2 Rd5 36. Rc1 Kxf6 37. Bxe5+ Bxe5 38. Rxc4 Ke6 39. Rg4 Rd3 40.
Rg8 f6 41. Rc2 Bd4 42. Re8+ Kd7 43. Ree2 Rb3 44. Red2 Kd6 45. Rc3 Rb5 46. Ra3
Kc6 47. b3 Rb4 48. Kf3 Be5 49. Rd3 Bd4 50. Ra4 Kb5 51. Ra2 Be5 52. Rc2 Rd4 53.
Rxd4 Bxd4 54. Ra2 Kb4 55. Ke4 Kxb3 56. Rh2 Bc3 57. Rh7 Bxa5 58. Rxb7+ Bb4 59.
Rb6 a5 60. Rxf6 a4 61. Rf3+ Bc3 62. Kd5 c4 63. g4 a3 64. Rf2 Bb2 65. Rf7 a2 66.
Rb7+ Kc3 67. Ra7 a1=Q 68. Rxa1 Bxa1 69. g5 Kd3 70. g6 Bd4 0-1

[Event "4NCL/Div1/NWE1 vs. GUI2"]
[Site "Nottingham ENG"]
[Date "2005.01.22"]
[Round "5.3"]
[White "Carleton, John J"]
[Black "Povah, Nigel E"]
[Result "1-0"]
[WhiteElo "2284"]
[BlackElo "2377"]
[PlyCount "105"]
[EventDate "2005.01.22"]
[SourceDate "2004.09.21"]

1. d4 Nf6 2. c4 e6 3. Nc3 c5 4. d5 exd5 5. cxd5 d6 6. e4 g6 7. Nf3 a6 8. h3 b5
9. Bd3 Bg7 10. O-O O-O 11. Re1 c4 12. Bc2 Nbd7 13. Nd4 Re8 14. Nc6 Qb6 15. Be3
Qb7 16. f3 Ne5 17. Nxe5 Rxe5 18. f4 Re8 19. Qf3 Nd7 20. e5 dxe5 21. f5 b4 22.
Ne4 Qxd5 23. Rad1 Qb7 24. Qf2 Qc7 25. Nd6 Rf8 26. Be4 Rb8 27. Bd5 Nf6 28. fxg6
Nxd5 29. gxh7+ Kh8 30. Rxd5 Be6 31. Rdd1 f5 32. Bf4 Rfd8 33. Rxe5 Rxd6 34. Rxd6
Qxd6 35. Re1 Bd4 36. Bxd6 Bxf2+ 37. Kxf2 Re8 38. Bxb4 Kxh7 39. Bc3 Kg6 40. Re5
Kf7 41. Kf3 Rd8 42. Kf4 Rd5 43. h4 Rd1 44. h5 Rg1 45. Rc5 Rxg2 46. Rc7+ Kg8 47.
h6 Rh2 48. Rg7+ Kf8 49. Bb4+ Ke8 50. Re7+ Kd8 51. Rxe6 Rxb2 52. h7 Rh2 53. Rxa6
1-0

[Event "4NCL/Div1/NWE1 vs. GUI2"]
[Site "Nottingham ENG"]
[Date "2005.01.22"]
[Round "5.4"]
[White "Howell, David W L"]
[Black "Littlewood, John E"]
[Result "1-0"]
[WhiteElo "2348"]
[BlackElo "2308"]
[PlyCount "49"]
[EventDate "2005.01.22"]
[SourceDate "2004.09.21"]

1. e4 e5 2. Nf3 Nc6 3. Bb5 a6 4. Bxc6 dxc6 5. O-O f6 6. d4 exd4 7. Nxd4 c5 8.
Nb3 Qxd1 9. Rxd1 Bd6 10. Be3 b6 11. a4 Bb7 12. Nc3 f5 13. exf5 Ne7 14. a5 Nxf5
15. axb6 cxb6 16. g4 Nxe3 17. Rxd6 Nxc2 18. Rc1 Nd4 19. Re1+ Kf7 20. Nxd4 cxd4
21. Rxd4 Rhd8 22. Rf4+ Kg6 23. Re6+ Kg5 24. Rf7 Bc8 25. Rxg7+ 1-0